[Event "Liga Vasca 2009 - DH"]
[Site "Pais Vasco ESP"]
[Date "2009.03.14"]
[Round "9.13"]
[White "Basto Auzmendi, Mario"]
[Black "Salinero de Prado, Juan Manuel"]
[Result "0-1"]
[WhiteElo "2086"]
[BlackElo "2175"]
[PlyCount "62"]
[EventDate "2009.01.10"]
[EventType "team"]
[EventRounds "9"]
[EventCountry "ESP"]
[Source "lmi"]
[SourceDate "2009.01.10"]
[WhiteTeam "España"]
[BlackTeam "España"]
[WhiteTeamCountry "ESP"]
[BlackTeamCountry "ESP"]

1. e4 c5 2. Nf3 Nc6 3. c3 d5 4. exd5 Qxd5 5. d4 Bg4 6. Be2 e6 7. O-O O-O-O 8.
Be3 cxd4 9. cxd4 Nf6 10. Nc3 Qa5 11. Qb3 Bd6 12. Rfc1 Qb4 13. Nb5 Qxb3 14.
Nxa7+ Kd7 15. axb3 Ra8 16. Bb5 Bxf3 17. gxf3 Ke7 18. Nxc6+ bxc6 19. Bxc6 Rxa1
20. Rxa1 Rb8 21. Ra7+ Kf8 22. Ba4 Nd5 23. h4 Bf4 24. Bxf4 Nxf4 25. Kh2 g6 26.
Rc7 Rd8 27. Rc4 Ne2 28. b4 Nxd4 29. b5 Nxf3+ 30. Kg3 Ne5 31. Rc7 Rb8 0-1

[Event "Liga Vasca 2009 - DH"]
[Site "Pais Vasco ESP"]
[Date "2009.03.14"]
[Round "9.14"]
[White "Martinez Pelaez, David"]
[Black "Hernandez Perez, Jesus"]
[Result "1/2-1/2"]
[WhiteElo "1971"]
[BlackElo "2061"]
[PlyCount "80"]
[EventDate "2009.01.10"]
[EventType "team"]
[EventRounds "9"]
[EventCountry "ESP"]
[Source "lmi"]
[SourceDate "2009.01.10"]
[WhiteTeam "España"]
[BlackTeam "España"]
[WhiteTeamCountry "ESP"]
[BlackTeamCountry "ESP"]

1. d4 e6 2. e4 d5 3. Nd2 dxe4 4. Nxe4 Bd7 5. Nf3 Bc6 6. Bd3 Nd7 7. O-O Ngf6 8.
Neg5 h6 9. Nh3 Be7 10. Re1 O-O 11. Qe2 b6 12. Nf4 Bd6 13. Ne5 Bb7 14. Nc4 Qe7
15. Bd2 c5 16. Nxd6 Qxd6 17. dxc5 Nxc5 18. Rad1 Nxd3 19. Qxd3 Qxd3 20. Nxd3
Rac8 21. c3 Rfd8 22. Bf4 Rc4 23. Bg3 Re4 24. f3 Rxe1+ 25. Bxe1 Ba6 26. Nf2 Rxd1
27. Nxd1 Nd5 28. Bd2 e5 29. Kf2 f5 30. Ne3 Nxe3 31. Kxe3 Kf7 32. b3 Ke6 33. c4
Bb7 34. g3 Bc6 35. h4 g5 36. hxg5 hxg5 37. Bc3 Bb7 38. a3 Kd6 39. Bb4+ Ke6 40.
Bc3 Kd6 1/2-1/2

[Event "Liga Vasca 2009 - DH"]
[Site "Pais Vasco ESP"]
[Date "2009.03.14"]
[Round "9.21"]
[White "Astasio Lopez, David"]
[Black "Agirretxe San Sebastian, Jesus Maria"]
[Result "1/2-1/2"]
[WhiteElo "2250"]
[BlackElo "2180"]
[PlyCount "120"]
[EventDate "2009.01.10"]
[EventType "team"]
[EventRounds "9"]
[EventCountry "ESP"]
[Source "lmi"]
[SourceDate "2009.01.10"]
[WhiteTeam "España"]
[BlackTeam "España"]
[WhiteTeamCountry "ESP"]
[BlackTeamCountry "ESP"]

1. d4 c5 2. c3 cxd4 3. cxd4 d5 4. Nc3 Nf6 5. Bf4 Nc6 6. Nf3 Bf5 7. h3 e6 8. Qb3
Bb4 9. e3 O-O 10. Be2 Rc8 11. O-O a6 12. Rfc1 Bxc3 13. Qxc3 Ne4 14. Qb3 Qe7 15.
Qb6 g5 16. Bh2 a5 17. a3 g4 18. hxg4 Bxg4 19. Qb5 Rfd8 20. Rd1 Nd6 21. Qb3 Nb8
22. Rdc1 Rc6 23. Rxc6 Nxc6 24. Rc1 Ne4 25. Qd1 h6 26. Ne5 Nxe5 27. Bxe5 Bf5 28.
Bf3 Qh4 29. Bxe4 Bxe4 30. Qe2 Qg5 31. f3 Bf5 32. Rc7 h5 33. Rxb7 Rc8 34. Rb8
Rxb8 35. Bxb8 h4 36. Bf4 Qd8 37. Qf2 a4 38. Kh2 Kf8 39. Qe1 Kg7 40. g4 hxg3+
41. Qxg3+ Bg6 42. Be5+ f6 43. Bf4 Qb6 44. Qf2 Qb3 45. Qd2 Qc2 46. Qxc2 Bxc2 47.
Kg3 Kg6 48. Bd6 Kf5 49. Be7 e5 50. Bc5 e4 51. Bb4 Bd1 52. f4 Bh5 53. Ba5 Bd1
54. Bd8 Bb3 55. Kf2 Ke6 56. Ke1 f5 57. Kd2 Kd7 58. Bh4 Kc6 59. Kc3 Kb5 60. Bd8
Bd1 1/2-1/2

[Event "Liga Vasca 2009 - DH"]
[Site "Pais Vasco ESP"]
[Date "2009.03.14"]
[Round "9.22"]
[White "Alvarez Ponga, Hugo"]
[Black "Albaina Alvarez, Alvaro"]
[Result "1-0"]
[WhiteElo "2103"]
[BlackElo "2169"]
[PlyCount "107"]
[EventDate "2009.01.10"]
[EventType "team"]
[EventRounds "9"]
[EventCountry "ESP"]
[Source "lmi"]
[SourceDate "2009.01.10"]
[WhiteTeam "España"]
[BlackTeam "España"]
[WhiteTeamCountry "ESP"]
[BlackTeamCountry "ESP"]

1. d4 f5 2. c4 Nf6 3. g3 g6 4. Bg2 Bg7 5. Nc3 O-O 6. Nf3 d6 7. O-O Nc6 8. Qc2
e5 9. dxe5 dxe5 10. Bg5 e4 11. Rad1 Qe8 12. Ne1 Ne5 13. Nd5 Qf7 14. f3 exf3 15.
Nxf3 Nxf3+ 16. Bxf3 c6 17. Nxf6+ Bxf6 18. Bxf6 Qxf6 19. c5 Be6 20. Rd6 Rae8 21.
b4 a6 22. a4 Rf7 23. Qd3 Qe5 24. Kg2 h5 25. Rd1 Kg7 26. Qd4 Bb3 27. Ra1 Rfe7
28. Ra3 Bd5 29. Qxe5+ Rxe5 30. Rd7+ Kf6 31. Rd6+ Kg7 32. Rd7+ Kf6 33. Bxd5
Rxe2+ 34. Kf3 cxd5 35. Rxb7 Rxh2 36. Rb6+ Kf7 37. Re3 Re4 38. c6 Rc4 39. b5
Rcc2 40. Kf4 d4 41. Rd3 Rhe2 42. Rxd4 Rc5 43. Rd7+ Kf6 44. Rd4 Ke7 45. Rxa6 Rc3
46. b6 Kf6 47. Rd6+ Ke7 48. Rxg6 Rf2+ 49. Kg5 Rxg3+ 50. Kh6 Rxg6+ 51. Kxg6 Kd6
52. c7 Rc2 53. Ra8 Kd7 54. Rd8+ 1-0

[Event "Liga Vasca 2009 - DH"]
[Site "Pais Vasco ESP"]
[Date "2009.03.14"]
[Round "9.23"]
[White "Villalta Bustillo, Igor"]
[Black "Garrido Fernandez, David"]
[Result "1-0"]
[WhiteElo "2169"]
[BlackElo "1982"]
[PlyCount "61"]
[EventDate "2009.01.10"]
[EventType "team"]
[EventRounds "9"]
[EventCountry "ESP"]
[Source "lmi"]
[SourceDate "2009.01.10"]
[WhiteTeam "España"]
[BlackTeam "España"]
[WhiteTeamCountry "ESP"]
[BlackTeamCountry "ESP"]

1. Nf3 f5 2. c4 Nf6 3. b4 g6 4. Bb2 Bg7 5. g3 O-O 6. Bg2 d6 7. O-O e5 8. d3 Nc6
9. b5 Ne7 10. a4 h6 11. a5 a6 12. Qb3 Be6 13. Nfd2 Rb8 14. Qc2 g5 15. Nc3 Qd7
16. Rfb1 f4 17. bxa6 bxa6 18. Ba3 Rxb1+ 19. Rxb1 Bh3 20. Bh1 fxg3 21. hxg3 Nf5
22. Nde4 Nd4 23. Nxf6+ Rxf6 24. Qd2 Qg4 25. Rb8+ Bf8 26. Rb2 h5 27. Ne4 Rf4 28.
f3 Rxe4 29. fxg4 Rxg4 30. Kh2 Bf1 31. Bf3 1-0

[Event "Liga Vasca 2009 - DH"]
[Site "Pais Vasco ESP"]
[Date "2009.03.14"]
[Round "9.24"]
[White "Alvarez Ponga, Inge"]
[Black "Gutierrez Bustillo, Diego"]
[Result "1-0"]
[WhiteElo "1937"]
[BlackElo "2004"]
[PlyCount "127"]
[EventDate "2009.01.10"]
[EventType "team"]
[EventRounds "9"]
[EventCountry "ESP"]
[Source "lmi"]
[SourceDate "2009.01.10"]
[WhiteTeam "España"]
[BlackTeam "España"]
[WhiteTeamCountry "ESP"]
[BlackTeamCountry "ESP"]

1. d4 Nf6 2. Bg5 g6 3. Bxf6 exf6 4. e3 Bg7 5. Nd2 d5 6. Bd3 O-O 7. Ne2 b6 8.
O-O c5 9. c4 Ba6 10. Rc1 cxd4 11. Nxd4 Nd7 12. b3 Rc8 13. Be2 Ne5 14. cxd5 Rxc1
15. Qxc1 Bxe2 16. Nxe2 Qxd5 17. Nf4 Qa5 18. a4 Rd8 19. Nc4 Qb4 20. Qa3 Bf8 21.
Qxb4 Bxb4 22. Nxe5 fxe5 23. Nh3 Rd2 24. Rb1 f6 25. Kf1 Kf7 26. Ng1 Ke6 27. Nf3
Rc2 28. h3 Bc3 29. Ng1 Rb2 30. Rxb2 Bxb2 31. Ke2 Kd5 32. Kd3 e4+ 33. Kc2 Be5
34. Ne2 h5 35. Nc1 f5 36. Ne2 g5 37. f3 f4 38. exf4 gxf4 39. Kd2 a6 40. fxe4+
Kxe4 41. Ng1 Bd6 42. Nf3 Bb4+ 43. Ke2 b5 44. axb5 axb5 45. Ng1 Bc5 46. Nf3 Be3
47. Ne1 b4 48. Nd3 Bb6 49. Nxb4 Bc7 50. Nd3 Kd4 51. b4 Ke4 52. Nf2+ Kd4 53. Kf3
Ke5 54. Nd3+ Kf5 55. b5 h4 56. Nb4 Ke5 57. Nc6+ Ke6 58. Kg4 Kf6 59. Kxh4 Kf5
60. Kh5 Bb6 61. h4 Bc5 62. Na5 Ke4 63. Kg4 Bd6 64. Nc4 1-0

[Event "Liga Vasca 2009 - DH"]
[Site "Pais Vasco ESP"]
[Date "2009.03.14"]
[Round "9.31"]
[White "Alonso Arburu, Juan Ignacio"]
[Black "Lozoya Rodriguez, Alberto"]
[Result "1-0"]
[WhiteElo "2353"]
[BlackElo "2205"]
[PlyCount "99"]
[EventDate "2009.01.10"]
[EventType "team"]
[EventRounds "9"]
[EventCountry "ESP"]
[Source "lmi"]
[SourceDate "2009.01.10"]
[WhiteTeam "España"]
[BlackTeam "España"]
[WhiteTeamCountry "ESP"]
[BlackTeamCountry "ESP"]

1. c4 e5 2. Nc3 Bb4 3. g3 Bxc3 4. dxc3 d6 5. Bg2 Ne7 6. Nf3 Nbc6 7. O-O O-O 8.
Qc2 Bf5 9. e4 Be6 10. b3 h6 11. h3 f5 12. exf5 Bxf5 13. Qe2 Qd7 14. Kh2 Rae8
15. Be3 Ng6 16. Qd2 Be4 17. Ng1 Bxg2 18. Kxg2 Qf5 19. Rad1 Nce7 20. Kh2 h5 21.
Bg5 Kh7 22. h4 Ng8 23. Qd5 b6 24. Qc6 Rc8 25. Rd2 Nf6 26. Re1 Ng4+ 27. Kh1
Nxf2+ 28. Kg2 Ng4 29. Nf3 Rf7 30. Rf1 Qd7 31. Qd5 Rcf8 32. Re2 c6 33. Qd1 d5
34. Be3 Rxf3 35. Rxf3 Rxf3 36. Kxf3 Qf5+ 37. Kg2 Qe4+ 38. Kh3 Nxe3 39. Rxe3
Qxe3 40. Qxh5+ Qh6 41. Qf5 Qc1 42. Qh5+ Kg8 43. Qxg6 Qh1+ 44. Kg4 Qe4+ 45. Qxe4
dxe4 46. Kh3 e3 47. Kg2 e4 48. Kf1 Kf7 49. Ke2 Kf6 50. g4 1-0

[Event "Liga Vasca 2009 - DH"]
[Site "Pais Vasco ESP"]
[Date "2009.03.14"]
[Round "9.32"]
[White "Hernandez Izaguirre, Eder"]
[Black "Cruz-Lopez Claret, Carlos"]
[Result "1/2-1/2"]
[WhiteElo "2112"]
[BlackElo "2342"]
[PlyCount "75"]
[EventDate "2009.01.10"]
[EventType "team"]
[EventRounds "9"]
[EventCountry "ESP"]
[Source "lmi"]
[SourceDate "2009.01.10"]
[WhiteTeam "España"]
[BlackTeam "España"]
[WhiteTeamCountry "ESP"]
[BlackTeamCountry "ESP"]

1. c4 c6 2. e4 d5 3. exd5 Nf6 4. Nc3 cxd5 5. cxd5 Nxd5 6. Nf3 Nc6 7. Bb5 e6 8.
O-O Be7 9. d4 O-O 10. Re1 a6 11. Bd3 Ncb4 12. Bb1 b5 13. a3 Nxc3 14. bxc3 Nd5
15. Qd3 g6 16. a4 Bb7 17. Bh6 Re8 18. Ne5 Rc8 19. Bd2 Bg5 20. axb5 axb5 21. Ra7
Rc7 22. Bxg5 Qxg5 23. Qxb5 Ree7 24. Nf3 Qf6 25. c4 Bc6 26. Qc5 Rxa7 27. Qxc6
Nf4 28. d5 Qc3 29. d6 Red7 30. Qe4 e5 31. c5 Qxc5 32. Nxe5 Rxd6 33. Qxf4 Re6
34. Nd3 Rxe1+ 35. Nxe1 Ra1 36. Qb8+ Qf8 37. Qb2 Qg7 38. Qb8+ 1/2-1/2

[Event "Liga Vasca 2009 - DH"]
[Site "Pais Vasco ESP"]
[Date "2009.03.14"]
[Round "9.33"]
[White "Serras Uria, Antonio"]
[Black "Fernandez Lopategi, Jon Andoni"]
[Result "1/2-1/2"]
[WhiteElo "2187"]
[BlackElo "2055"]
[PlyCount "57"]
[EventDate "2009.01.10"]
[EventType "team"]
[EventRounds "9"]
[EventCountry "ESP"]
[Source "lmi"]
[SourceDate "2009.01.10"]
[WhiteTeam "España"]
[BlackTeam "España"]
[WhiteTeamCountry "ESP"]
[BlackTeamCountry "ESP"]

1. e4 d5 2. exd5 Qxd5 3. Nc3 Qa5 4. d4 c6 5. Nf3 Nf6 6. Bd2 Bf5 7. Bc4 e6 8.
O-O Nbd7 9. Re1 Bb4 10. a3 Bxc3 11. Bxc3 Qc7 12. Bd3 Bxd3 13. Qxd3 Qf4 14. Bd2
Qg4 15. Qb3 O-O-O 16. c4 Rde8 17. Qa4 Kb8 18. b4 Nb6 19. Qb3 Ne4 20. Be3 f6 21.
a4 Qh5 22. Bf4+ e5 23. dxe5 Qf5 24. Be3 fxe5 25. b5 c5 26. a5 Nd7 27. Qb1 Nd6
28. Qa2 Qg4 29. Nd2 1/2-1/2

[Event "Liga Vasca 2009 - DH"]
[Site "Pais Vasco ESP"]
[Date "2009.03.14"]
[Round "9.34"]
[White "Carasa del Portillo, Mikel"]
[Black "Alonso Arburu, Jose Maria"]
[Result "1-0"]
[WhiteElo "2028"]
[BlackElo "2126"]
[PlyCount "87"]
[EventDate "2009.01.10"]
[EventType "team"]
[EventRounds "9"]
[EventCountry "ESP"]
[Source "lmi"]
[SourceDate "2009.01.10"]
[WhiteTeam "España"]
[BlackTeam "España"]
[WhiteTeamCountry "ESP"]
[BlackTeamCountry "ESP"]

1. c4 Nf6 2. g3 e6 3. Bg2 d5 4. d4 c6 5. Nf3 Bd6 6. O-O O-O 7. b3 Nbd7 8. Bb2
Re8 9. Nbd2 e5 10. dxe5 Nxe5 11. Nxe5 Bxe5 12. Bxe5 Rxe5 13. cxd5 Nxd5 14. Nc4
Re8 15. e4 Nf6 16. Qxd8 Rxd8 17. Rfd1 Bg4 18. f3 Be6 19. Na5 Rd7 20. Rxd7 Nxd7
21. Nxb7 a5 22. f4 f6 23. Rd1 g6 24. f5 gxf5 25. exf5 Bxf5 26. Bxc6 Ne5 27.
Bd5+ Kg7 28. Nd6 Bg4 29. Bxa8 Bxd1 30. Nc4 a4 31. Nxe5 Bxb3 32. Nd3 Bxa2 33.
Nb4 Bb1 34. Kf2 Kg6 35. Kf3 f5 36. Kf4 a3 37. Bd5 Kf6 38. Ba2 Be4 39. Na6 h6
40. Nc7 h5 41. h4 Bd3 42. Nd5+ Kg6 43. Nc3 Kf6 44. Nb1 1-0

[Event "Liga Vasca 2009 - DH"]
[Site "Pais Vasco ESP"]
[Date "2009.03.14"]
[Round "9.41"]
[White "Rada Equiza, Miguel"]
[Black "Hamdouchi, Hichem"]
[Result "1-0"]
[WhiteElo "2279"]
[BlackElo "2598"]
[PlyCount "52"]
[EventDate "2009.01.10"]
[EventType "team"]
[EventRounds "9"]
[EventCountry "ESP"]
[Source "lmi"]
[SourceDate "2009.01.10"]
[WhiteTeam "España"]
[BlackTeam "España"]
[WhiteTeamCountry "ESP"]
[BlackTeamCountry "ESP"]

1. e4 c5 2. Nf3 Nc6 3. d4 cxd4 4. Nxd4 Qb6 5. Nb3 Nf6 6. Nc3 e6 7. Be3 Qc7 8.
f3 Bb4 9. Qd2 d5 10. Bf4 e5 11. exd5 Bxc3 12. bxc3 exf4 13. dxc6 O-O 14. O-O-O
Qxc6 15. Qxf4 Be6 16. c4 Rac8 17. Nd4 Qa4 18. Nxe6 fxe6 19. Bd3 b5 20. Qe5 bxc4
21. Be4 c3 22. Qxe6+ Kh8 23. Qb3 Qa5 24. Rd4 Nxe4 25. Rxe4 Rb8 26. Qa4 Qb6 1-0

[Event "Liga Vasca 2009 - DH"]
[Site "Pais Vasco ESP"]
[Date "2009.03.14"]
[Round "9.42"]
[White "Bauer, Christian"]
[Black "Mindeguia Guruceaga, Juan Jesus"]
[Result "1-0"]
[WhiteElo "2610"]
[BlackElo "2230"]
[PlyCount "79"]
[EventDate "2009.01.10"]
[EventType "team"]
[EventRounds "9"]
[EventCountry "ESP"]
[Source "lmi"]
[SourceDate "2009.01.10"]
[WhiteTeam "España"]
[BlackTeam "España"]
[WhiteTeamCountry "ESP"]
[BlackTeamCountry "ESP"]

1. d4 d5 2. c4 e6 3. Nf3 c5 4. cxd5 exd5 5. Nc3 Nc6 6. g3 Nf6 7. Bg2 cxd4 8.
Nxd4 Bc5 9. Nb3 Bb4 10. O-O Bxc3 11. bxc3 O-O 12. Bg5 h6 13. Bxf6 Qxf6 14. Nd4
Rd8 15. Rb1 Nxd4 16. cxd4 b6 17. Qa4 Bf5 18. Rbc1 Qe7 19. Rfe1 Qd7 20. Qxd7
Rxd7 21. Rc3 Re8 22. e3 f6 23. Rec1 Kf7 24. a4 Ree7 25. a5 bxa5 26. Ra1 Be4 27.
Bxe4 dxe4 28. Rxa5 Rc7 29. Rca3 Red7 30. Kg2 Ke6 31. Ra6+ Kf7 32. R3a5 Re7 33.
h4 g6 34. h5 g5 35. Kh3 Rb7 36. Kg4 Rbc7 37. Kf5 Rc2 38. Rxf6+ Kg7 39. Rg6+ Kh7
40. Raa6 1-0

[Event "Liga Vasca 2009 - DH"]
[Site "Pais Vasco ESP"]
[Date "2009.03.14"]
[Round "9.43"]
[White "Rebole Arbea, Jose Ignacio"]
[Black "Argandoña Riveiro, Iñigo"]
[Result "1/2-1/2"]
[WhiteElo "2207"]
[BlackElo "2391"]
[PlyCount "22"]
[EventDate "2009.01.10"]
[EventType "team"]
[EventRounds "9"]
[EventCountry "ESP"]
[Source "lmi"]
[SourceDate "2009.01.10"]
[WhiteTeam "España"]
[BlackTeam "España"]
[WhiteTeamCountry "ESP"]
[BlackTeamCountry "ESP"]

1. g3 e5 2. Bg2 d5 3. c4 dxc4 4. Qa4+ c6 5. Qxc4 Nf6 6. Nf3 Bd6 7. O-O O-O 8.
d3 Qe7 9. Nbd2 Nbd7 10. Qc2 Re8 11. b3 Ba3 1/2-1/2

[Event "Liga Vasca 2009 - DH"]
[Site "Pais Vasco ESP"]
[Date "2009.03.14"]
[Round "9.44"]
[White "Salterain Gonzalez, Galder"]
[Black "Hernandorena De La Cruz, Egoi"]
[Result "0-1"]
[WhiteElo "1984"]
[BlackElo "2024"]
[PlyCount "46"]
[EventDate "2009.01.10"]
[EventType "team"]
[EventRounds "9"]
[EventCountry "ESP"]
[Source "lmi"]
[SourceDate "2009.01.10"]
[WhiteTeam "España"]
[BlackTeam "España"]
[WhiteTeamCountry "ESP"]
[BlackTeamCountry "ESP"]

1. e4 e5 2. Nf3 Nc6 3. Bc4 Nf6 4. d3 Be7 5. O-O O-O 6. c3 d5 7. exd5 Nxd5 8.
Re1 Bg4 9. Nbd2 Kh8 10. Qc2 Nf4 11. Nxe5 Nxe5 12. Rxe5 Bd6 13. Re1 Nxg2 14. Re4
Qh4 15. Nf1 f5 16. Re6 Qh3 17. Bd5 Nh4 18. f4 Bf3 19. Bxf3 Nxf3+ 20. Kf2 Nxh2
21. Ng3 h5 22. Qe2 Ng4+ 23. Kf3 h4 0-1

[Event "Liga Vasca 2009 - DH"]
[Site "Pais Vasco ESP"]
[Date "2009.03.14"]
[Round "9.51"]
[White "Iruzubieta Villaluenga, Jesus Maria"]
[Black "Vachier-Lagrave, Maxime"]
[Result "0-1"]
[WhiteElo "2423"]
[BlackElo "2696"]
[PlyCount "58"]
[EventDate "2009.01.10"]
[EventType "team"]
[EventRounds "9"]
[EventCountry "ESP"]
[Source "lmi"]
[SourceDate "2009.01.10"]
[WhiteTeam "España"]
[BlackTeam "España"]
[WhiteTeamCountry "ESP"]
[BlackTeamCountry "ESP"]

1. Nf3 Nf6 2. c4 g6 3. Nc3 d5 4. Qa4+ Bd7 5. Qb3 dxc4 6. Qxc4 a6 7. d4 b5 8.
Qb3 c5 9. dxc5 Bg7 10. Bf4 O-O 11. g3 Qa5 12. Bd2 b4 13. Nd1 Nc6 14. Bg2 Ne4
15. Rc1 Rfd8 16. Ne5 Nxd2 17. Qxf7+ Kh8 18. Bxc6 b3 19. Nxd7 bxa2 20. Bxa8 Nb3+
21. Rc3 Bxc3+ 22. bxc3 Nxc5 23. O-O Nxd7 24. Ne3 a1=Q 25. Rxa1 Qxa1+ 26. Kg2
Rxa8 27. Qd5 Rd8 28. Qd4+ e5 29. Qd6 Qxc3 0-1

[Event "Liga Vasca 2009 - DH"]
[Site "Pais Vasco ESP"]
[Date "2009.03.14"]
[Round "9.52"]
[White "Edouard, Romain"]
[Black "Ruiz Gomez, Alejandro"]
[Result "1-0"]
[WhiteElo "2562"]
[BlackElo "2363"]
[PlyCount "58"]
[EventDate "2009.01.10"]
[EventType "team"]
[EventRounds "9"]
[EventCountry "ESP"]
[Source "lmi"]
[SourceDate "2009.01.10"]
[WhiteTeam "España"]
[BlackTeam "España"]
[WhiteTeamCountry "ESP"]
[BlackTeamCountry "ESP"]

1. e4 c6 2. d4 d5 3. e5 Na6 4. Nc3 Bf5 5. Bxa6 bxa6 6. Nge2 e6 7. O-O h5 8. Nf4
h4 9. Na4 Qa5 10. b3 Nh6 11. h3 Qb5 12. Bd2 Rd8 13. Nh5 Rd7 14. Bg5 Ng8 15. Nc5
Bg6 16. c4 dxc4 17. Nxd7 Bxh5 18. bxc4 Qxc4 19. Qb1 Bb4 20. Nb8 f6 21. Rc1 Qb5
22. Nxc6 Ba3 23. Rc3 Bf8 24. Be3 Ne7 25. Nxe7 Bxe7 26. exf6 gxf6 27. Rc8+ Bd8
28. Qe4 Bf7 29. Rxd8+ Kxd8 1-0

[Event "Liga Vasca 2009 - DH"]
[Site "Pais Vasco ESP"]
[Date "2009.03.14"]
[Round "9.53"]
[White "Arce Balluerca, Jorge"]
[Black "Gomez Esteban, Juan Mario"]
[Result "0-1"]
[WhiteElo "2092"]
[BlackElo "2498"]
[PlyCount "56"]
[EventDate "2009.01.10"]
[EventType "team"]
[EventRounds "9"]
[EventCountry "ESP"]
[Source "lmi"]
[SourceDate "2009.01.10"]
[WhiteTeam "España"]
[BlackTeam "España"]
[WhiteTeamCountry "ESP"]
[BlackTeamCountry "ESP"]

1. Nf3 d5 2. g3 c5 3. Bg2 Nc6 4. d4 Nf6 5. O-O e6 6. c4 dxc4 7. Ne5 Bd7 8. Nxc6
Bxc6 9. Bxc6+ bxc6 10. Qa4 Rc8 11. dxc5 Bxc5 12. Qxc4 Qd5 13. Qxd5 cxd5 14. Nd2
Bb6 15. b4 Rc2 16. a4 O-O 17. e3 a6 18. Nf3 Ne4 19. Ne5 Rfc8 20. Nd3 R8c3 21.
a5 Ba7 22. Ra3 h5 23. Rxc3 Nxc3 24. Kg2 Ne4 25. Re1 f6 26. h4 Kf7 27. Kf3 Bb8
28. Rf1 Bd6 0-1

[Event "Liga Vasca 2009 - DH"]
[Site "Pais Vasco ESP"]
[Date "2009.03.14"]
[Round "9.54"]
[White "Franco Alonso, Alejandro"]
[Black "Gete Rodriguez, Isidro"]
[Result "1-0"]
[WhiteElo "2459"]
[BlackElo "1980"]
[PlyCount "92"]
[EventDate "2009.01.10"]
[EventType "team"]
[EventRounds "9"]
[EventCountry "ESP"]
[Source "lmi"]
[SourceDate "2009.01.10"]
[WhiteTeam "España"]
[BlackTeam "España"]
[WhiteTeamCountry "ESP"]
[BlackTeamCountry "ESP"]

1. d4 d5 2. c4 c6 3. Nf3 Nf6 4. Qc2 dxc4 5. Qxc4 Bg4 6. Nbd2 Nbd7 7. g3 Qa5 8.
Qc3 Qc7 9. Bg2 e6 10. O-O Be7 11. Nc4 Nd5 12. Qb3 Bxf3 13. Bxf3 N7f6 14. e4 Nb6
15. Bf4 Qd8 16. Na5 Qd7 17. Rfd1 O-O 18. Rac1 Rac8 19. a3 Kh8 20. Qe3 Rfe8 21.
b4 Kg8 22. Kg2 Red8 23. Qe2 Re8 24. Qc2 Red8 25. Rd2 Ne8 26. Qb3 Nf6 27. Rcd1
Kf8 28. Qc2 Kg8 29. Nb3 Na4 30. Nc1 b5 31. Nb3 Nb6 32. Nc5 Qe8 33. Be2 Ra8 34.
Kg1 Rac8 35. Kg2 Kh8 36. h3 Kg8 37. g4 Ra8 38. Bg3 Rdc8 39. Nb7 Qd7 40. Na5 Ne8
41. Rc1 Nd6 42. Rdd1 Rc7 43. d5 exd5 44. exd5 a6 45. dxc6 Qe6 46. Nb7 Rcc8 1-0